000 00599nam a2200193 4500
999 _c168976
_d168976
005 20191101123951.0
010 _aENG-126783
020 _a9788184305616
_c500.00
035 _aEN-110315
037 _bDBAD/PUB
082 _a230.35
100 _aRaghunandan Trikannad
245 _aSankara-no-other :
_cby Raghunandan Trikannad
_ba tribute to Adi Sankaracarya /
260 _aNew Delhi
_bOcean Books
_c2019
270 _a4/19, Asaf Ali Road
_bNew Delhi
_e110002
_minfo@oceanbooks.in
300 _a238p.
_c22cm(Hb)
500 _aIncludes index
942 _2ddc
_cEN
_h230.35
_mRAM